| 000 | 00414nam a2200121 a 4500 | ||
|---|---|---|---|
| 001 | 000045471 | ||
| 005 | 20201002052253.0 | ||
| 008 | 150407s1997 dr a 000 0 spa d | ||
| 040 |
_aDO-SdBNP _bspa _cBNPHU |
||
| 245 | 0 | 0 |
_aI Encuentro internacional grabado : _ben pequeño formato República Dominicana. |
| 260 |
_aSanto Domingo : _bFundación de Arte Contemporáneo Nouveau, _c1997. |
||
| 300 |
_a55 p. : _bil. ; _c21 cm. |
||
| 999 |
_c44960 _d44960 |
||